Statistics for Where is the Capital? - East or West

Click here to take the quiz!

General Stats

  • This quiz has been taken 25 times
  • The average score is 12 of 15

Answer Stats

QuestionAnswer% Correct
ChinaEast
96%
EgyptEast
96%
RussiaWest
96%
United StatesEast
88%
AustraliaEast
88%
GermanyEast
88%
IcelandWest
88%
PeruWest
88%
ArgentinaEast
84%
CubaWest
76%
SwitzerlandWest
76%
BrazilEast
72%
MongoliaEast
72%
PolandEast
72%
TurkeyWest
68%

Score Distribution

Percentile by Number Answered

Percent of People with Each Score

Your Score History

You have not taken this quiz